Asia Pacific economic pulse (Record no. 109319)

MARC details
000 -LEADER
fixed length control field 01248cad a22002295a 4500
001 - CONTROL NUMBER
control field L146861
008 - FIXED-LENGTH DATA ELEMENTS--GENERAL INFORMATION
fixed length control field 090304s2009 xxuad f s 000 0 eng d
035 ## - SYSTEM CONTROL NUMBER
System control number (Sirsi) u146861
041 0# - LANGUAGE CODE
Language code of text/sound track or separate title eng
050 04 - LIBRARY OF CONGRESS CALL NUMBER
Classification number 333.33 $2 18
110 2# - MAIN ENTRY--CORPORATE NAME
Corporate name or jurisdiction name as entry element Cushman and Wakefield
9 (RLIN) 244
245 00 - TITLE STATEMENT
Title Asia Pacific economic pulse
Remainder of title darkest before the dawn
Medium [electronic resource]
260 ## - PUBLICATION, DISTRIBUTION, ETC.
Place of publication, distribution, etc. London
Name of publisher, distributor, etc. Cushman and Wakefield
Date of publication, distribution, etc. 2009
490 #0 - SERIES STATEMENT
Series statement Asia Pacific Economic Pulse
520 ## - SUMMARY, ETC.
Summary, etc. Reveals that with most of the world in recession, the recovery is most likely to start in 2010. Forecasts that landlords will see tenant demand continue due to Asia's growing share of global consumption, investment and manufacturing. Predicts that in the short term, tenants should be able to reduce their occupancy costs to help them get through the current period of slow growth.
590 ## - LOCAL NOTE (RLIN)
Local note KA
650 24 - SUBJECT ADDED ENTRY--TOPICAL TERM
Topical term or geographic name entry element CUSHMAN AND WAKEFIELD ASIA PACIFIC ECONOMIC PULSE
651 #4 - SUBJECT ADDED ENTRY--GEOGRAPHIC NAME
Geographic name Asia Pacific
690 ## - LOCAL SUBJECT ADDED ENTRY--TOPICAL TERM (OCLC, RLIN)
Topical term or geographic name as entry element PROPERTY-COMMERCIAL PROPERTY-OFFICE PROPERTY-OFFICE PROPERTY MARKET
856 40 - ELECTRONIC LOCATION AND ACCESS
Uniform Resource Identifier <a href="https://www.cushwake.com/cwglobal/jsp/kcReportDetail.jsp?Country=GLOBAL&Language=EN&catId=100006&pId=c20700015p">https://www.cushwake.com/cwglobal/jsp/kcReportDetail.jsp?Country=GLOBAL&Language=EN&catId=100006&pId=c20700015p</a>
Public note View this report free of charge at www.cushmanwakefield.com...
942 ## - ADDED ENTRY ELEMENTS (KOHA)
Suppress in OPAC 0
Holdings
Withdrawn status Lost status Source of classification or shelving scheme Damaged status Not for loan Home library Current library Shelving location Date acquired Total Checkouts Full call number Barcode Date last seen Copy number Price effective from Koha item type
    Dewey Decimal Classification     Virtual Virtual Online 04/03/2009   ONLINE PUBLICATION 146861-2001 06/08/2019 1 06/08/2019 Book